Diccionario de Historia del Mundo Actual
Na minha lista:
| Autor principal: | |
|---|---|
| Formato: | Livro |
| Idioma: | espanhol |
| Publicado em: |
Madrid
Alianza
2005
|
| Edição: | 1a. ed |
| coleção: | Libro de Bolsillo, Biblioteca Temática, Biblioteca de Consulta
|
| Assuntos: | |
| Tags: |
Adicionar Tag
Sem tags, seja o primeiro a adicionar uma tag!
|
MARC
| LEADER | 00000nam a2200000 a 4500 | ||
|---|---|---|---|
| 001 | UCJ9761 | ||
| 003 | CL-VaPUC | ||
| 008 | 070405e20050000SP |||||||||||||||||spa|d | ||
| 020 | |a 8420659762 | ||
| 082 | 0 | 4 | |a 909.82 |b TOB |2 21 |
| 100 | 0 | |a Toboso Sánchez, Pilar |e author |9 519842 | |
| 245 | 1 | 0 | |a Diccionario de Historia del Mundo Actual |
| 250 | |a 1a. ed | ||
| 300 | |a 607 p | ||
| 942 | |c BK | ||
| 945 | |d 20070405 00:00:00 |a lvergara | ||
| 260 | |a Madrid |b Alianza |c 2005 | ||
| 650 | 0 | |a Historia siglo 20 |9 255736 | |
| 650 | 0 | |a Historia moderna |9 268036 | |
| 650 | 0 | |a Política internacional |9 255813 | |
| 651 | 0 | |a América |9 255182 | |
| 651 | 0 | |a Asia |9 268338 | |
| 651 | 0 | |a Europa |9 255156 | |
| 583 | |a last modification |c 20160912 05:33:05 |k Rodrigo Vera | ||
| 490 | 0 | |a Libro de Bolsillo, Biblioteca Temática, Biblioteca de Consulta | |
| 999 | |c 325170 |d 325168 | ||
| 952 | |0 0 |1 0 |4 0 |6 909_820000000000000_TOB_2005 |7 0 |8 X |9 405785 |a BIBHIS |b BIBHIS |d 2019-11-22 |i 4328981 |o 909.82 TOB 2005 |p 4328981 |r 2024-01-30 |w 2019-11-22 |y BK_X |k HIS | ||